| 000 | 00632nam a22002297a 4500 | ||
|---|---|---|---|
| 005 | 20170124110029.0 | ||
| 010 | _a344437 | ||
| 020 | _c00.00 | ||
| 035 | _a344437 | ||
| 037 | _bCen Lib/Ret | ||
| 040 |
_aDPL _bEN |
||
| 082 |
_a595.4 _bSAV |
||
| 100 |
_aSavory, Theodore _921405 |
||
| 245 |
_aSpiders and other arachnids / _cby Theodore Savory |
||
| 260 |
_aLondon _bEnglish universities press _c1964 |
||
| 270 |
_bLondon _a102, New gate street |
||
| 300 |
_axii,91p. _c21cm(Hb) |
||
| 500 | _aIncludes index | ||
| 650 |
_aArachnida _921406 |
||
| 650 |
_aSpiders _921407 |
||
| 942 |
_2ddc _cEN _h595.4 _mSAV |
||
| 999 |
_c127745 _d127745 |
||